| 000 | 01296nam0a22003731 4500 | ||
|---|---|---|---|
| 001 | RU\NLR\A1SV\13276 | ||
| 005 | 20251203171251.9 | ||
| 035 | _a(NLR Aleph) 009698588 | ||
| 090 |
_a9772917 _c9772917 |
||
| 100 | _a19991130d1921 u y0rusy50 ca | ||
| 101 | 0 | _arus | |
| 102 | _aRU | ||
| 200 | 1 |
_aКрасный союз рабочих и служащих пищевой промышленности в Советской России _e(Крат. ист. очерк) _fСекр. Центр. ком. Всерос. союза рабочих и служащих пищевой пром. Пав. Будаев _gКрас. интернационал профсоюзов |
|
| 210 |
_aМ. _cКрас. интернационал профсоюзов _d1921 |
||
| 215 |
_a64 с. _d17 см |
||
| 300 | _aАвт. указан в конце предисл. | ||
| 620 | _dМосква | ||
| 700 | 1 |
_aБудаев _bП.А. _gПавел А. |
|
| 801 | 0 |
_aRU _bNLR _c19991130 |
|
| 852 |
_aNLR _j37.76.7.373 |
||
| 852 |
_aNLR _j128/1546 |
||
| 899 | _aГПИБ | ||
| 899 | _aМГУ | ||
| 899 | _aРКП | ||
| 899 | _aГОПБ | ||
| 899 | _aРГБ | ||
| 899 | _aГАРФ | ||
| 899 | _aНБУВ | ||
| 899 | _aНБ Бел. | ||
| 899 | _aSLK | ||
| 942 | _cBOOK | ||
| 980 | _aNB | ||
| 980 | _aA1SV | ||